| 000 | 00474nam a2200193Ia 4500 | ||
|---|---|---|---|
| 005 | 20240823033012.0 | ||
| 008 | 240823s9999||||xx |||||||||||||| ||und|| | ||
| 020 | _a365 | ||
| 041 | _aENGLISH | ||
| 082 | _A979.4 P1 | ||
| 100 | _aKimi Kodani Hill Ed. | ||
| 245 | 0 | _aShades of California : The Hidden Beauty of Ordinary life | |
| 250 | _a1st | ||
| 260 |
_c2001 _bHeyday |
||
| 500 | _aYES | ||
| 650 |
_aShades of California _bGeneral |
||
| 942 | _cBK | ||
| 999 |
_c194776 _d194776 |
||